| 000 -LEADER | |
|---|---|
| fixed length control field | 00437nam a22001697a 4500 |
| 005 - DATE AND TIME OF LATEST TRANSACTION | |
| control field | 20180625102755.0 |
| 008 - FIXED-LENGTH DATA ELEMENTS--GENERAL INFORMATION | |
| fixed length control field | 160625b xxu||||| |||| 00| 0 eng d |
| 020 ## - INTERNATIONAL STANDARD BOOK NUMBER | |
| ISBN | 81-203-2682-2 |
| 041 ## - LANGUAGE CODE | |
| Language code of text/sound track or separate title | eng |
| 082 ## - DEWEY DECIMAL CLASSIFICATION NUMBER | |
| Item number | 9966 |
| Classification number | 658 |
| 100 ## - MAIN ENTRY--AUTHOR NAME | |
| Personal name | Murthy, C. Siva Ram and G. Manimaran |
| 245 ## - TITLE STATEMENT | |
| Title | Resource Management in Real time systems and Networks |
| 260 ## - PUBLICATION, DISTRIBUTION, ETC. (IMPRINT) | |
| Name of publisher | PHI |
| Year of publication | 2005 |
| 300 ## - PHYSICAL DESCRIPTION | |
| Number of Pages | 443 |
| 650 ## - SUBJECT ADDED ENTRY--TOPICAL TERM | |
| Topical Term | Management |
| 942 ## - ADDED ENTRY ELEMENTS (KOHA) | |
| Koha item type | Books |
| Lost status | Damaged status | Collection code | Home library | Current library | Shelving location | Date acquired | Cost, normal purchase price | Full call number | Accession Number | Koha item type |
|---|---|---|---|---|---|---|---|---|---|---|
| MANAGEMENT | JRU Library | JRU Library | SHELF-29-D | 25/06/2016 | 425.00 | 658 | 9966 | Books | ||
| MANAGEMENT | JRU Library | JRU Library | SHELF-29-D | 25/06/2016 | 425.00 | 658 | 9967 | Books |